E56(高知道・松山道)のIC - Statistics

General Stats
  • This quiz has been taken 33 times
  • The average score is 22 of 37
Answer Stats
高知道 % Correct
IC 松山
100%
IC/JCT 高知
90%
IC 伊予
90%
IC 土佐
85%
PA/SIC 土佐
85%
IC 大洲
85%
IC 四万十
80%
PA 内子
75%
SA 伊予灘
75%
IC 宇和島北
70%
IC 西予宇和
70%
IC 内子五十崎
70%
SIC 中山
70%
IC 伊野
65%
IC 須崎東
65%
IC 須崎中央
65%
IC 須崎西
65%
IC 宇和島南
65%
IC 中土佐
60%
IC 大洲北
55%
IC 四万十町東
50%
IC 四万十町中央
50%
IC 大洲南
50%
IC 大洲冨士
50%
IC 四万十町西
45%
IC 津島岩松
45%
IC 三間
45%
IC 大洲北只
45%
IC 大洲肱南
45%
IC
40%
IC 平田
40%
IC 津島高田
40%
IC 黒潮拳ノ川
35%
IC 宿毛和田
35%
IC 宇和島坂下津
35%
IC 宇和島朝日
30%
IC 宇和島別当
25%
No matching quizzes found
Score Distribution
Percent of People with Each Score
Percentile by Number Answered
Your Score History
You have not taken this quiz